000 00670cam a2200253 a 4500
001 7972
003 BD-RjUL
005 20211208234514.0
008 140116s1953 enka 001 0 eng d
035 _a(BD-RjUL)8016
035 _a(BD-RjUL)
040 _aANL
_beng
_cANL
_dNSL:R
041 _aeng
082 0 4 _a629.13338
_220
_bCLI 1953
100 1 _aCleator, P. E.
_q(Philip Ellaby),
_d1908-
_924873
245 1 0 _aInto space /
_cP. E. Cleator
260 _aLondon :
_bAllen & Unwin,
_c1953
300 _a159 p. :
_billus. ;
_c22 cm.
504 _aIncludes index
650 0 _aSpace flight.
_924874
942 _2ddc
_cBK
999 _c7972
_d7972